UYUYAN ÖLÜM (Record no. 719715)

MARC details
000 -LEADER
sabit uzunluktaki kontrol alanı 00247nam a2200097Ia 4500
001 - KONTROL NUMARASI
kontrol alanı 719715
005 - EN SON İŞLEMİN TARİH VE ZAMANI
kontrol alanı 20250826163048.0
008 - SABİT-UZUNLUKTA VERİ ÖĞELERİ--GENEL BİLGİ
sabit uzunluktaki kontrol alanı 250824s9999 xx 000 0 und d
245 #0 - ESER / YAZAR
ESER ADI UYUYAN ÖLÜM
Yazar Adı AGATHA CHRISTIE
260 ## - YAYIN, DAĞITIM, VB.
YAYIN EVİ ALTIN KİTAPLAR YAYINLARI
Holdings
Düşüm durumu Kayıp durumu Hasar Durumu Ödünç verilmez Ana kütüphane Geçerli Kütüphane Edinilen tarih Toplam ödünç verme sayısı Barkod Son görüntüleme tarihi Son ödünç verme tarihi Fiyatın geçerli olmaya başladığı tarih Koha materyal türü
        KONEVİ ANADOLU LİSESİ KONEVİ ANADOLU LİSESİ 24.08.2025 1 10322111 10.03.2026 24.02.2026 26.08.2025 Books